MARC

LEADER 00000nam0a2200000 4500
001 674042
005 20240812140349.0
090 |a 674042 
100 |a 20240812d1979 km|y0rusy50 ca 
101 0 |a rus 
102 |a RU 
105 |a a z 001yy 
181 0 |a i   |b  e  
182 0 |a n 
183 0 |a nc  |2 RDAcarrier 
200 1 |a Из истории художественной жизни города Куйбышева. Конец XIX - началоXX века  |f В. И. Володин 
203 |a Текст  |b визуальный  |c непосредственный 
210 |a Москва  |c Советский художник  |d 1979 
215 |a 176 с.  |c ил. 
283 |a volume  |2 RDAcarrier 
320 |a Примечания: с. 155-174 
606 1 |a Изобразительное искусство  |y Россия  |9 88300 
610 1 |a Самара 
610 1 |a художественная жизнь 
610 1 |a 19 век 
610 1 |a 20 век 
610 1 |a самарские художники 
610 1 |a воспоминания 
610 1 |a документы 
610 1 |a письма 
610 1 |a художественные выставки 
610 1 |a Куйбышев 
675 |a 7(47+57)  |v 4 
700 1 |a Володин  |b В. И.  |g Владимир Иванович 
801 0 |a RU  |b 63413507  |c 20240812 
830 |a Ретро2024Каталогизация Шило 
850 |a 63413507 
942 |c BK